Combination Lock: Literature Quiz Stats

 Plays Quiz Updated Mar 20, 2020

Support Sporcle.
Go Orange.
Score 0/60 Timer 07:00
0 Plays Today
Book Author % Correct
09
Hamlet
William Shakespeare (09-26-58)
95.4%
26
King Lear
William Shakespeare (09-26-58)
95.4%
58
Othello
William Shakespeare (09-26-58)
95.4%
22
David Copperfield
Charles Dickens (17-22-42)
91.6%
17
Oliver Twist
Charles Dickens (17-22-42)
91.6%
42
A Tale of Two Cities
Charles Dickens (17-22-42)
91.6%
12
Sense and Sensibility
Jane Austen (12-39-43)
90%
39
Pride and Prejudice
Jane Austen (12-39-43)
90%
43
Emma
Jane Austen (12-39-43)
90%
03
The Grapes of Wrath
John Steinbeck (03-29-52)
80%
29
East of Eden
John Steinbeck (03-29-52)
80%
52
Of Mice and Men
John Steinbeck (03-29-52)
80%
16
The Sun Also Rises
Ernest Hemingway (16-34-60)
75.3%
34
A Farewell to Arms
Ernest Hemingway (16-34-60)
75.3%
60
The Old Man and the Sea
Ernest Hemingway (16-34-60)
75.3%
53
Adventures of Huckleberry Finn
Mark Twain (19-28-53)
75.2%
19
The Prince and the Pauper
Mark Twain (19-28-53)
75.2%
28
The Adventures of Tom Sawyer
Mark Twain (19-28-53)
75.2%
10
War and Peace
Leo Tolstoy (10-21-44)
68.9%
21
The Death of Ivan Ilyich
Leo Tolstoy (10-21-44)
68.9%
44
Anna Karenina
Leo Tolstoy (10-21-44)
68.9%
13
Nineteen Eighty-Four
George Orwell (13-25-48)
68.2%
25
Homage to Catalonia
George Orwell (13-25-48)
68.2%
48
Animal Farm
George Orwell (13-25-48)
68.2%
06
Ulysses
James Joyce (06-36-56)
65.8%
56
A Portrait of the Artist as a Young Man
James Joyce (06-36-56)
65.8%
36
Dubliners
James Joyce (06-36-56)
65.8%
41
Crime and Punishment
Fyodor Dostoyevsky (05-30-41)
60.4%
05
The Brothers Karamazov
Fyodor Dostoyevsky (05-30-41)
60.4%
30
The Idiot
Fyodor Dostoyevsky (05-30-41)
60.4%
Book Author % Correct
01
One Hundred Years of Solitude
Gabriel García Márquez (01-27-49)
58.6%
27
Memories of My Melancholy Whοres
Gabriel García Márquez (01-27-49)
58.6%
49
Love in the Time of Cholera
Gabriel García Márquez (01-27-49)
58.6%
02
As I Lay Dying
William Faulkner (02-37-55)
53.3%
37
Absalom, Absalom!
William Faulkner (02-37-55)
53.3%
55
The Sound and the Fury
William Faulkner (02-37-55)
53.3%
18
Mrs. Dalloway
Virginia Woolf (18-33-47)
48.9%
33
To the Lighthouse
Virginia Woolf (18-33-47)
48.9%
47
A Room of One's Own
Virginia Woolf (18-33-47)
48.9%
46
Tender Is the Night
F. Scott Fitzgerald (15-24-46)
48.7%
24
The Great Gatsby
F. Scott Fitzgerald (15-24-46)
48.7%
15
The Curious Case of Benjamin Button
F. Scott Fitzgerald (15-24-46)
48.7%
23
No Country for Old Men
Cormac McCarthy (14-23-57)
44.9%
14
All the Pretty Horses
Cormac McCarthy (14-23-57)
44.9%
57
The Road
Cormac McCarthy (14-23-57)
44.9%
07
The Trial
Franz Kafka (07-35-50)
43.4%
35
The Metamorphosis
Franz Kafka (07-35-50)
43.4%
50
The Castle
Franz Kafka (07-35-50)
43.4%
11
Pale Fire
Vladimir Nabokov (11-32-59)
31.9%
32
Lolita
Vladimir Nabokov (11-32-59)
31.9%
59
Pnin
Vladimir Nabokov (11-32-59)
31.9%
40
Heroides
Ovid (04-40-51)
31.7%
51
Amores
Ovid (04-40-51)
31.7%
04
Metamorphoses
Ovid (04-40-51)
31.7%
54
V.
Thomas Pynchon (08-31-54)
30.1%
08
The Crying of Lot 49
Thomas Pynchon (08-31-54)
30.1%
31
Gravity's Rainbow
Thomas Pynchon (08-31-54)
30.1%
38
Malone Dies
Samuel Beckett (20-38-45)
25.4%
20
Molloy
Samuel Beckett (20-38-45)
25.4%
45
Waiting for Godot
Samuel Beckett (20-38-45)
25.4%

From the Vault

Stratego Pieces

by burningriver

Gaming 2m
Stratego is filled with disinformation and deception...not unlike working in government.
Remove Ads.
Support Sporcle.
Get the best of Sporcle when you Go Orange. This ad-free experience offers more features, more stats, and more fun while also helping to support Sporcle. Thank you for becoming a member.

Show Comments

Extras

Top Quizzes Today


Score Distribution

Your Account Isn't Verified!

In order to create a playlist on Sporcle, you need to verify the email address you used during registration. Go to your Sporcle Settings to finish the process.

Report this User

Report this user for behavior that violates our Community Guidelines.

Details: